[Event "Go-Makkah Chess Festival 2019"]
[Site "Sousse"]
[Date "2019.09.06"]
[Round "6.4"]
[White "Zrikem, Nassim"]
[Black "Miezis, Normunds"]
[Result "0-1"]
[WhiteElo "2090"]
[BlackElo "2486"]
[Annotator "TA"]
[PlyCount "94"]
[EventDate "2019.09.02"]
[EventType "swiss"]
[EventCountry "TUN"]
[SourceTitle "playchess.com"]
[Source "ChessBase"]
[SourceQuality "1"]

{[%evp 17,94,34,48,0,49,11,31,30,71,68,61,72,47,65,73,81,89,81,85,85,91,94,121,111,110,106,106,106,106,99,114,97,115,92,116,113,141,122,121,22,0,0,0,-17,0,-11,-11,-9,0,0,0,0,0,-20,0,0,20,0,0,-189,-173,-242,-229,-244,-244,-222,-207,-212,-206,-304,-252,-497,-441,-734,-739,-726,-697,-643,-542]} 1. e4 d6 2. d4 Nf6 3. Nc3 e5 4. Nf3 Nbd7 5. Bc4 Be7 6. O-O O-O 7. Re1 c6 8. a4 Qc7 9. h3 h6 10. Nh4 {C41: Philidor Defence} (10. Ba2 Re8 11. Be3 Nf8 12. Qd3 Be6 13. d5 cxd5 14. Nxd5 Bxd5 15. Bxd5 Nxd5 16. Qxd5 Qc6 17. c4 Rec8 18. Rec1 Nd7 19. Nd2 Bg5 20. Bxg5 hxg5 21. Qd3 a5 22. Qg3 {½-½ (22) Areshchenko,A (2677)-Baklan,V (2594) Chartres 2017}) 10... Re8 11. dxe5 dxe5 12. Nf5 $146 {White is slightly better.} ({Predecessor:} 12. Qf3 Nf8 13. Be3 Be6 14. Bxe6 Nxe6 15. Qe2 Red8 16. Qc4 Kh8 17. a5 Ne8 {1-0 (26) Horvath,A (2532)-Menvielle Laccourreye,A (2131) Las Palmas 2015}) 12... Nb6 13. Nxe7+ Qxe7 14. Bf1 Be6 15. b3 Rad8 16. Qf3 Nh7 17. Qg3 Qf6 18. a5 Nd7 19. Be3 Ra8 20. Na4 Nhf8 21. f3 Ng6 22. Qf2 a6 23. Nb2 Ndf8 24. Ra4 Rad8 25. Nd3 Bc8 26. Bb6 Rd6 27. g3 Ne6 28. f4 (28. h4 $16) 28... Rxd3 $1 $11 {[%mdl 64] [#] Remove Defender} 29. cxd3 {aiming for f5.} exf4 30. e5 Qg5 31. Kh2 fxg3+ 32. Qxg3 Qd2+ 33. Qf2 Qc3 34. Rae4 Qxb3 35. h4 Qd5 36. d4 Nef8 {[%cal Be6f8,Bf8d7,Bd7f6,Bf6e4][%mdl 32]} 37. Bc5 Nd7 $36 {[%mdl 2048] Black has good play.} 38. Bd6 $2 {[#]} (38. Bb4 $11 {and White stays safe.}) 38... Nf6 $1 $19 {[%cal Rf6e4][%mdl 576] Pin} 39. Bg2 (39. exf6 {might work better.} Rxe4 40. Rxe4 Qxe4 41. Bg3) 39... Nxe4 40. Bxe4 Qe6 41. Qg3 Qa2+ 42. Kh1 Qd2 43. Rg1 (43. h5 {was called for.} Nf4 44. Rf1) 43... Qxd4 {[%mdl 64] Double Attack} 44. Qg2 $2 (44. Bxg6 fxg6 45. Qxg6 Qxh4+ 46. Kg2) 44... h5 {Black is clearly winning.} 45. Bc2 (45. Bxg6 $142 fxg6 46. Qg3) 45... Be6 46. Be4 Bd5 47. Bxd5 Qxh4+ {Accuracy: White = 44%, Black = 59%.} 0-1

[Event "Go-Makkah Chess Festival 2019"]
[Site "Sousse"]
[Date "2019.09.06"]
[Round "6.5"]
[White "Ameir, Moheb"]
[Black "Kjartansson, David"]
[Result "1-0"]
[WhiteElo "2308"]
[BlackElo "2401"]
[Annotator "TA"]
[PlyCount "93"]
[EventDate "2019.09.02"]
[EventType "swiss"]
[EventCountry "TUN"]
[SourceTitle "playchess.com"]
[Source "ChessBase"]
[SourceQuality "1"]

{[%evp 14,93,78,71,74,80,80,70,85,70,105,84,83,66,74,0,0,4,17,10,18,40,102,112,222,222,264,148,244,231,285,279,291,283,281,284,281,0,285,293,322,320,383,387,393,333,409,411,487,477,491,475,493,492,480,487,480,471,523,516,502,495,742,742,708,765,745,743,729,695,720,710,1216,1162,1264,1235,1247,1216,2339,2316,5010,2792]} 1. Nf3 Nf6 2. g3 g6 3. b3 Bg7 4. Bb2 O-O 5. Bg2 d6 6. d4 e5 7. dxe5 Nfd7 8. Nc3 Nxe5 {A49: 1 d4 Nf6 2 Nf3 g6 3 g3: Anti-King's Indian systems} (8... dxe5 9. O-O Nc6 10. Nd2 Nf6 11. Nc4 Be6 12. Bxc6 bxc6 13. Qxd8 Rfxd8 14. Nxe5 Rd2 15. Rac1 Re8 16. Rfd1 Rxd1+ 17. Nxd1 {1-0 (44) Grischuk,A (2772)-Mamedyarov,S (2799) Huaian 2017}) 9. Nxe5 Bxe5 10. Qd2 Nd7 {White is slightly better.} 11. O-O-O a5 12. a4 $146 ({Predecessor:} 12. h4 h5 13. Rhe1 Nc5 14. Kb1 Re8 15. a4 Bg7 {½-½ (31) Rambaldi,F (2556)-Movsziszian,K (2527) Porto Mannu 2018}) 12... Nc5 13. f4 Bg7 14. Ne4 (14. Kb1 $16) 14... Bxb2+ $11 15. Kxb2 Nxe4 16. Bxe4 Re8 17. Bf3 Qe7 (17... Qf6+ $14 18. Ka2 Bd7) 18. Qc3 $16 Bd7 (18... c6 $16 {was worth a try.}) 19. Qxc7 $18 Qf6+ 20. Qc3 (20. Kb1 $18 Bc6 21. Bxc6 bxc6 22. Rxd6) 20... Qe7 (20... Qxc3+ $16 21. Kxc3 Rac8+ 22. Kb2 Bc6) 21. Qd4 ({But not} 21. Bxb7 $6 Rab8) 21... Be6 22. Qxd6 Qf6+ 23. Qd4 Qe7 24. Qb6 Qf6+ 25. Qd4 Qe7 26. e4 Rac8 27. Qd6 Qf6+ {[#]} 28. e5 $1 {[%cal Re5f6]} Qf5 29. Qd3 Qh3 30. Bxb7 Rc7 31. Be4 {White is clearly winning.} Rec8 32. Rd2 Qh6 33. Rhd1 Bg4 34. Re1 Qf8 35. Qd6 Qe8 {...Rd7 is the strong threat.} 36. Qf6 Qf8 37. Rd6 Rb8 (37... h6 $142 38. c4 Rb8) 38. h3 Bxh3 39. Red1 Re7 40. Qh4 Be6 41. g4 Ree8 42. f5 Bc4 43. Bc6 Rec8 44. Rh1 {[%csl Gh1][%cal Rh4h7]} Qg7 45. f6 g5 46. Qe1 Qf8 {[#]} 47. Qe4 $1 {[%mdl 64] Double Attack. Accuracy: White = 80%, Black = 36%.} 1-0

[Event "Go-Makkah Chess Festival 2019"]
[Site "Sousse"]
[Date "2019.09.06"]
[Round "6.6"]
[White "Kohlweyer, Bernd"]
[Black "Al Ghamdi, Ahmed M"]
[Result "1-0"]
[WhiteElo "2319"]
[BlackElo "2113"]
[Annotator "TA"]
[PlyCount "101"]
[EventDate "2019.09.02"]
[EventType "swiss"]
[EventCountry "TUN"]
[SourceTitle "playchess.com"]
[Source "ChessBase"]
[SourceQuality "1"]

{[%evp 11,101,27,31,6,10,14,16,9,82,95,89,79,81,30,29,32,25,26,20,7,89,72,94,34,81,81,96,93,87,82,85,81,137,124,183,176,189,172,183,122,122,122,122,122,122,122,122,121,118,118,118,118,121,115,121,121,121,114,108,116,112,104,378,378,456,423,470,460,933,918,852,812,915,827,960,1001,1822,1587,1951,1759,2857,2015,1685,1455,29957,6640,29968,29969,29968,29969,5547,5547]} 1. e4 c5 2. c3 d5 3. exd5 Qxd5 4. d4 cxd4 5. cxd4 e5 6. Nf3 exd4 7. Nxd4 {B22: Sicilian: 2 c3} (7. Qxd4 Qe6+ 8. Be2 Nc6 9. Qa4 Qg4 10. Qxg4 Bxg4 11. Nc3 Nf6 12. h3 Bf5 13. O-O Be7 14. Be3 {½-½ (14) Zaitsev,M (2492)-Sielecki,C (2435) Germany 2016}) 7... Bb4+ 8. Nc3 {Strongly threatening Bb5+.} Bxc3+ 9. bxc3 {The position is equal.} Nc6 (9... Ne7 $1 $11) 10. Nb5 $146 ({Predecessor:} 10. Be3 Nf6 11. Nb5 O-O 12. Nc7 Qxd1+ 13. Rxd1 Rb8 14. Bc5 Rd8 15. Rxd8+ Nxd8 16. Bxa7 Nc6 17. Bxb8 Nxb8 {1-0 (17) Chrisikopoulos-Papageorgiou,V (2205) Heraklion 2002}) 10... Qxd1+ 11. Kxd1 {And now Nc7+ would win.} Bg4+ 12. f3 (12. Ke1 $16 {aiming for f3.} Ke7 13. f3) 12... O-O-O+ $11 13. Ke1 a6 $1 14. fxg4 {Nd4 is the strong threat.} axb5 15. Bxb5 Re8+ (15... Nf6 $11 {remains equal.}) 16. Kd1 Nf6 17. h3 (17. g5 $16 Nd5 18. Kc2) 17... Nd5 18. Kc2 Ne3+ 19. Bxe3 $1 Rxe3 20. Rae1 Rhe8 21. Kd2 Rxe1 (21... R3e5 $142) 22. Rxe1 $16 Rxe1 (22... Rd8+ $16 23. Kc2 Kc7) 23. Kxe1 {[%mdl 4096] Endgame KB-KN} Ne5 24. Kd2 h6 25. Ke3 (25. Kc2 $1 $18) 25... Kc7 26. Ke4 Kd6 27. Kd4 f6 28. Be2 b6 29. Bf3 Ke6 30. Be4 Kd6 31. Bd5 Ng6 32. g3 Ne5 33. Bb3 Kc6 34. Ke4 Kd6 35. Kf5 Ke7 36. h4 g6+ $2 {[%mdl 8192]} (36... Kd6 $16 {might work better.} 37. Bc2 Kd5) 37. Kf4 $18 Kd6 {[#]} 38. h5 $1 Ke7 39. Bc2 g5+ (39... gxh5 $142 40. gxh5 Nc4) 40. Kf5 Kf7 41. Bb3+ Kg7 42. Be6 Nd3 43. Ke4 Nc5+ {[#]} 44. Kd5 $1 Kf8 45. Bf5 Ke7 46. Kc6 Na4 47. c4 Nb2 48. Kb5 Kd6 49. Bc2 Ke5 50. c5 bxc5 51. Kxc5 {Accuracy: White = 84%, Black = 35%.} 1-0

[Event "Go-Makkah Chess Festival 2019"]
[Site "Sousse"]
[Date "2019.09.06"]
[Round "6.7"]
[White "Bouzidi, Ahmed"]
[Black "Rian, Saad"]
[Result "0-1"]
[WhiteElo "2197"]
[BlackElo "2100"]
[Annotator "RC"]
[PlyCount "125"]
[EventDate "2019.09.02"]
[EventType "swiss"]
[EventCountry "TUN"]
[SourceTitle "playchess.com"]
[Source "ChessBase"]
[SourceQuality "1"]
[TimeControl "5400+30"]

1. e4 {[%emt 1:30:30]} b6 {[%emt 0:18:51]} 2. d4 {[%emt 0:00:00]} Bb7 {[%emt 0:00:13]} 3. Nc3 {[%emt 0:00:00]} e6 {[%emt 0:00:15]} 4. Bd3 {[%emt 0:00:00]} Nf6 {[%emt 0:01:03]} 5. Nf3 {[%emt 0:00:00]} Bb4 {[%emt 0:09:11]} 6. e5 {[%emt 0:00:00]} Ne4 {[%emt 0:03:01]} 7. Bxe4 {[%emt 0:00:00]} Bxe4 {[%emt 0:00:21]} 8. O-O {[%emt 0:00:00]} Bxc3 {[%emt 0:10:11]} 9. bxc3 {[%emt 0:00:00]} h6 {[%emt 0:09:25]} 10. Nd2 {[%emt 0:00:00]} Bb7 {[%emt 0:02:25]} 11. f4 {[%emt 0:00:00]} Nc6 {[%emt 0:00:16]} 12. Ba3 {[%emt 0:00:00]} Ne7 {[%emt 0:00:24]} 13. Bxe7 {[%emt 0:00:00]} Qxe7 {[%emt 0:00:07]} 14. c4 {[%emt 0:00:00]} d6 {[%emt 0:01:44]} 15. Qe2 {[%emt 0:00:00]} O-O {[%emt 0:07:59]} 16. Ne4 {[%emt 0:00:00]} Rad8 {[%emt 0:02:17]} 17. c3 {[%emt 0:00:00]} Qd7 {[%emt 0:03:12]} 18. Rf3 {[%emt 0:00:00]} Qc6 {[%emt 0:05:47]} 19. d5 {[%emt 0:00:00]} exd5 {[%emt 0:01:02]} 20. Nf6+ {[%emt 0:00:00]} Kh8 {[%emt 0:04:38]} 21. Qd3 {[%emt 0:00:00]} gxf6 {[%emt 0:08:10]} 22. Rh3 {[%emt 0:00:00]} Rg8 {[%emt 0:00:16]} 23. Rxh6+ {[%emt 0:00:00]} Kg7 {[%emt 0:00:04]} 24. Qh7+ {[%emt 0:00:00]} Kf8 {[%emt 0:00:07]} 25. e6 {[%emt 0:00:00]} Rxg2+ {[%emt 0:01:35]} 26. Kh1 {[%emt 0:00:00]} Rg7 {[%emt 0:00:18]} 27. e7+ {[%emt 0:00:00]} Kxe7 {[%emt 0:00:02]} 28. Qxg7 {[%emt 0:00:00]} dxc4+ {[%emt 0:01:03]} 29. Kg1 {[%emt 0:14:00]} Qh1+ {[%emt 0:00:13]} 30. Kf2 {[%emt 0:00:00]} Qf3+ {[%emt 0:02:14]} 31. Kg1 {[%emt 0:00:00]} Qe3+ {[%emt 0:00:07]} 32. Kf1 {[%emt 0:00:00]} Qxf4+ {[%emt 0:00:07]} 33. Kg1 {[%emt 0:00:00]} Qe3+ {[%emt 0:01:28]} 34. Kf1 {[%emt 0:00:00]} Qf3+ {[%emt 0:01:09]} 35. Kg1 {[%emt 0:00:00]} Qe3+ {[%emt 0:02:24]} 36. Kf1 {[%emt 0:00:00]} Qf4+ {[%emt 0:00:42]} 37. Kg1 {[%emt 0:00:00]} Qg5+ {[%emt 0:00:25]} 38. Qxg5 {[%emt 0:00:00]} fxg5 {[%emt 0:00:01]} 39. Re1+ {[%emt 0:00:00]} Kd7 {[%emt 0:00:03]} 40. Rh7 {[%emt 0:00:00]} Bd5 {[%emt 0:00:42]} 41. Rg7 {[%emt 0:00:00]} Rh8 {[%emt 0:00:22]} 42. Re3 {[%emt 0:00:00]} Rh4 {[%emt 0:00:55]} 43. Rxg5 {[%emt 0:00:00]} Kc6 {[%emt 0:00:25]} 44. Rgg3 {[%emt 0:00:00]} a5 {[%emt 0:00:13]} 45. Rh3 {[%emt 0:00:00]} Rf4 {[%emt 0:00:28]} 46. Rh8 {[%emt 0:00:00]} Be4 {[%emt 0:00:47]} 47. h4 {[%emt 0:00:00]} d5 {[%emt 0:00:15]} 48. Rh3 {[%emt 0:00:00]} b5 {[%emt 0:01:28]} 49. Ra8 {[%emt 0:00:00]} b4 {[%emt 0:00:23]} 50. Rxa5 {[%emt 0:00:00]} bxc3 {[%emt 0:00:03]} 51. Rxc3 {[%emt 0:00:00]} Rxh4 {[%emt 0:00:27]} 52. Kf2 {[%emt 0:00:00]} Kb6 {[%emt 0:00:20]} 53. Raa3 {[%emt 0:00:00]} Kc5 {[%emt 0:00:40]} 54. Rh3 {[%emt 0:00:00]} Rg4 {[%emt 0:01:19]} 55. Rhg3 {[%emt 0:00:00]} Rh4 {[%emt 0:00:29]} 56. Rh3 {[%emt 0:00:00]} Rf4+ {[%emt 0:00:04]} 57. Ke3 {[%emt 0:00:00]} Rf1 {[%emt 0:00:16]} 58. Ra5+ {[%emt 0:00:00]} Kb6 {[%emt 0:00:16]} 59. Ra8 {[%emt 0:00:00]} f5 {[%emt 0:01:30]} 60. Rh6+ {[%emt 0:02:32]} Kb7 {[%emt 0:00:32]} 61. Rha6 {[%emt 0:01:27]} c3 {[%emt 0:00:22]} 62. R6a7+ {[%emt 0:01:19]} Kb6 {[%emt 0:00:20]} 63. Ra6+ {[%emt 0:00:16]} 0-1

[Event "Go-Makkah Chess Festival 2019"]
[Site "Sousse"]
[Date "2019.09.06"]
[Round "6.8"]
[White "Ahmed AlRehily"]
[Black "Henni, Mohamed"]
[Result "1-0"]
[WhiteElo "1827"]
[BlackElo "2205"]
[Annotator "ChessBase"]
[PlyCount "77"]
[EventDate "2019.09.02"]
[EventType "swiss"]
[EventCountry "TUN"]
[SourceTitle "playchess.com"]
[Source "ChessBase"]
[SourceQuality "1"]
[TimeControl "5400+30"]

1. d4 {[%emt 0:00:00]} Nf6 {[%emt 0:10:00]} 2. Bg5 {[%emt 0:00:19]} Ne4 {[%emt 0:00:48]} 3. Bf4 {[%emt 0:00:17]} d5 {[%emt 0:01:01]} 4. Nd2 {[%emt 0:00:58]} Nd6 {[%emt 0:01:46]} 5. Ngf3 {[%emt 0:00:12]} Nd7 {[%emt 0:01:09]} 6. e3 {[%emt 0:00:51]} Nf6 {[%emt 0:00:43]} 7. h3 {[%emt 0:00:44]} Bf5 {[%emt 0:03:37]} 8. c4 {[%emt 0:06:19]} e6 {[%emt 0:00:42]} 9. Ne5 {[%emt 0:01:19]} c6 {[%emt 0:07:36]} 10. c5 {[%emt 0:00:53]} Nde4 {[%emt 1:07:38]} 11. f3 {[%emt 0:00:21]} Nxd2 {[%emt 0:00:00]} 12. Qxd2 {[%emt 0:00:07]} Nd7 {[%emt 0:00:00]} 13. b4 {[%emt 0:03:03]} Nxe5 {[%emt 0:00:00]} 14. Bxe5 {[%emt 0:00:02]} f6 {[%emt 0:00:00]} 15. Bh2 {[%emt 0:01:08]} b6 {[%emt 0:00:00]} 16. Ba6 {[%emt 0:02:24]} Qd7 {[%emt 0:00:00]} 17. a4 {[%emt 0:00:22]} Be7 {[%emt 0:00:00]} 18. b5 {[%emt 0:02:04]} O-O {[%emt 0:00:00]} 19. g4 {[%emt 0:01:50]} Bg6 {[%emt 0:00:00]} 20. Rc1 {[%emt 0:01:47]} bxc5 {[%emt 0:00:00]} 21. dxc5 {[%emt 0:03:57]} Rfd8 {[%emt 0:00:00]} 22. O-O {[%emt 0:03:30]} e5 {[%emt 0:00:00]} 23. f4 {[%emt 0:01:51]} exf4 {[%emt 0:00:00]} 24. Bxf4 {[%emt 0:00:36]} Be4 {[%emt 0:00:00]} 25. bxc6 {[%emt 0:01:59]} Qxc6 {[%emt 0:00:00]} 26. Bb5 {[%emt 0:00:08]} Qe6 {[%emt 0:00:00]} 27. c6 {[%emt 0:01:12]} a6 {[%emt 0:00:00]} 28. c7 {[%emt 0:00:04]} Rf8 {[%emt 0:00:00]} 29. Bc6 {[%emt 0:02:23]} f5 {[%emt 0:00:00]} 30. Bxa8 {[%emt 0:01:16]} Rxa8 {[%emt 0:00:00]} 31. g5 {[%emt 0:00:31]} Rc8 {[%emt 0:00:00]} 32. Qf2 {[%emt 0:03:34]} Qd7 {[%emt 0:01:00]} 33. Qg3 {[%emt 0:02:28]} Qxa4 {[%emt 0:00:57]} 34. Be5 {[%emt 0:01:54]} Qb4 {[%emt 0:03:37]} 35. Rf2 {[%emt 0:00:55]} Bc5 {[%emt 0:01:17]} 36. g6 {[%emt 0:07:30]} h5 {[%emt 0:01:48]} 37. Qg5 {[%emt 0:01:54]} Qa3 {[%emt 0:03:40]} 38. Re1 {[%emt 0:05:32]} Qb4 {[%emt 0:01:02]} 39. Ref1 {[%emt 0:01:35]} 1-0

[Event "Go-Makkah Chess Festival 2019"]
[Site "Sousse"]
[Date "2019.09.07"]
[Round "7.1"]
[White "Amdouni, Zoubaier"]
[Black "Miezis, Normunds"]
[Result "0-1"]
[WhiteElo "2290"]
[BlackElo "2486"]
[Annotator "TA"]
[PlyCount "65"]
[EventDate "2019.09.02"]
[EventType "swiss"]
[EventCountry "TUN"]
[SourceTitle "playchess.com"]
[Source "ChessBase"]
[SourceQuality "1"]

{[%evp 12,65,41,47,39,8,44,47,47,39,37,3,18,13,40,47,39,11,14,-8,0,0,0,-23,-8,-15,0,-76,0,0,0,0,57,58,172,139,165,107,89,30,63,63,97,75,222,212,218,223,282,275,258,213,202,0,0,-77]} 1. e4 c5 2. Nf3 e6 3. d4 cxd4 4. Nxd4 a6 5. Bd3 Ne7 6. O-O Nbc6 7. Nb3 g6 {B42: Sicilian: Kan Variation: 5 Bd3} 8. f4 (8. c4 Bg7 9. Nc3 O-O 10. Bg5 h6 11. Bh4 g5 12. Bg3 Ne5 13. Be2 N7g6 14. Qd2 b6 15. f3 {0-1 (38) Jakovenko,D (2759)-Artemiev,V (2671) Chita 2015}) 8... d6 9. c4 Bg7 {White is slightly better.} 10. Nc3 O-O 11. Kh1 $146 ({Predecessor:} 11. Qe2 Nb4 12. Be3 b5 13. Rad1 Nxd3 14. Qxd3 bxc4 15. Qxc4 {0-1 (30) Abergel,T (2464)-Grandelius,N (2647) London 2017}) 11... Rb8 12. Qe2 f5 13. Be3 fxe4 14. Nxe4 Nf5 15. Bf2 e5 16. fxe5 Nxe5 17. Rad1 Qe7 18. Nc3 Be6 19. Bxf5 (19. Nd2 $11) 19... Rxf5 ({Much weaker is} 19... gxf5 $6 20. Nd5 $14) ({Black should play} 19... Bxf5 $17 20. h3 Qe6) 20. Nd5 $11 Bxd5 21. cxd5 Rc8 (21... Rf7 $11) 22. Nd4 $1 $36 {[%cal Rd4f5][%mdl 2048] White has the initiative.} Rh5 (22... Rf7 $14) 23. Rc1 Re8 {[#]} 24. Bg3 (24. g4 $1 $18 {[%cal Rg4h5]} Rh3 25. Bg3) 24... Bh6 25. Rc3 (25. Rce1 $16) 25... b5 26. b3 Bg7 27. Rc2 Bf6 (27... Nd7 $16 28. Qxe7 Rxe7 29. Rc8+ (29. Bxd6 Rf7 $14) 29... Bf8) 28. Ne6 $18 Nd7 29. Qd1 Bh4 {[#] ...Bxg3 is the strong threat.} 30. Bf4 Rf5 31. g4 Rf7 {intending ...Nc5.} 32. g5 $2 (32. Rc7 $18) 32... Nc5 $1 $11 {[%cal Rc5e6]} 33. Qg4 {Accuracy: White = 43%, Black = 29%.} (33. Bxd6 $11 {keeps the balance.} Rxf1+ 34. Qxf1 Qxd6 35. Rxc5 Rxe6 36. Rc8+ (36. dxe6 Qxc5 37. Qf7+ Kh8 $11) 36... Kg7 37. dxe6 Qd5+ {[%mdl 64] Double Attack} 38. Kg1 Qxg5+ 39. Kh1 Qd5+ {[%mdl 64] Double Attack} 40. Qg2 Qd1+ 41. Qg1 Qf3+ 42. Qg2 Qd1+ 43. Qg1 Qf3+ 44. Qg2 Qd1+) 0-1

[Event "Go-Makkah Chess Festival 2019"]
[Site "Sousse"]
[Date "2019.09.07"]
[Round "7.2"]
[White "Kjartansson, David"]
[Black "Stefansson, Hannes"]
[Result "0-1"]
[WhiteElo "2401"]
[BlackElo "2538"]
[Annotator "TA"]
[PlyCount "112"]
[EventDate "2019.09.02"]
[EventType "swiss"]
[EventCountry "TUN"]
[SourceTitle "playchess.com"]
[Source "ChessBase"]
[SourceQuality "1"]

{[%evp 15,112,60,48,43,45,40,44,41,36,23,25,23,40,41,35,36,104,95,100,105,103,27,29,29,27,29,25,7,30,20,43,42,58,35,38,25,27,27,27,27,27,34,53,27,50,39,39,43,42,45,47,26,33,33,33,34,35,35,51,13,33,0,0,0,0,0,0,0,0,-14,-14,-15,-15,-19,-16,-16,-12,-84,-81,-145,-31,-47,-18,-18,-8,-8,-8,-8,-8,-8,-8,-8,0,0,0,0,0,-29998,-29999]} 1. e4 e5 2. Nf3 Nc6 3. Bb5 a6 4. Bxc6 dxc6 5. O-O Qd6 6. Na3 b5 7. c3 c5 8. Nc2 Bb7 9. Re1 {C68: Ruy Lopez: Exchange Variation, sidelines} (9. d4 cxd4 10. cxd4 exd4 11. Ncxd4 c5 12. Nf5 Qxd1 13. Rxd1 Nf6 14. e5 Ne4 15. a4 g6 16. Nd6+ Bxd6 17. exd6 {½-½ (41) Malakhov,V (2715)-Eljanov,P (2717) Sibenik 2009}) 9... Ne7 10. a4 Ng6 11. axb5 {White is slightly better.} axb5 12. Rxa8+ Bxa8 13. d4 cxd4 14. cxd4 Be7 15. Qe2 c6 ({Black should play} 15... O-O $14) 16. Ne3 $146 {Nf5 is the strong threat.} ({Predecessor:} 16. dxe5 Nxe5 {1-0 (29) Cornette,M (2496)-Lazic,M (2539) Mulhouse 2008}) 16... O-O 17. Nf5 Qe6 18. Nxe7+ (18. h4 $16) 18... Qxe7 $11 19. dxe5 Nxe5 20. Nxe5 Qxe5 21. b4 Bb7 22. Bb2 Qe6 23. Qe3 f6 24. Bd4 Bc8 25. Bc5 Rd8 26. h3 h6 27. f4 Qc4 28. f5 Qc2 29. Kh2 Rd1 30. Re2 Qb1 $1 31. Rd2 Kh7 32. Rxd1 Qxd1 33. Bd4 Qh5 34. g4 Qf7 35. Kg3 Qe7 36. Bc3 Qd6+ 37. Kg2 Bd7 38. h4 Qd1 39. Kg3 h5 40. gxh5 Qxh5 41. Qd4 Qe2 42. Bd2 Be8 43. Qe3 Qf1 44. Qf2 Qd1 45. Qe1 Qc2 46. Qe2 (46. e5 $11) 46... c5 $17 {aiming for ...cxb4.} 47. bxc5 {[#]} (47. e5 $142) 47... Qxc5 ({Black should try} 47... b4 $1 $17 {[%cal Rb4b3] White must now prevent ...b3.} 48. e5 fxe5 49. Qxe5 Bc6) 48. Qe3 $15 Qc2 49. e5 fxe5 50. Qxe5 Qd3+ 51. Qe3 Qd6+ 52. Qf4 Qf6 53. Qg5 Qa1 54. Qe3 Bc6 55. Bc3 Qh1 56. Qd4 $2 {[%mdl 8192] [#]} (56. Qd3 $11) 56... Qf3+ {[%mdl 64] Double Attack. Accuracy: White = 68%, Black = 54%.} 0-1

[Event "Go-Makkah Chess Festival 2019"]
[Site "Sousse"]
[Date "2019.09.07"]
[Round "7.3"]
[White "Kohlweyer, Bernd"]
[Black "Romero Holmes, Alfonso"]
[Result "*"]
[WhiteElo "2319"]
[BlackElo "2414"]
[Annotator "TA"]
[PlyCount "32"]
[EventDate "2019.09.02"]
[EventType "swiss"]
[EventCountry "TUN"]
[SourceTitle "playchess.com"]
[Source "ChessBase"]
[SourceQuality "1"]

{[%evp 12,32,35,34,37,26,51,0,0,0,14,12,11,11,11,11,11,8,25,22,27,25,14]} 1. d4 g6 2. c4 Bg7 3. Nf3 d6 4. Nc3 Bg4 5. e3 Nf6 6. Be2 O-O 7. O-O Re8 {E61: King's Indian: Early deviations for White, including Smyslov System} (7... Nc6 8. d5 Nb8 9. h3 Bd7 10. e4 c6 11. Be3 Na6 12. Nd2 Rc8 13. Rc1 e6 14. dxe6 Bxe6 15. Nf3 Re8 {0-1 (38) Wang,H (2709)-Mamedyarov,S (2799) Huaian 2017}) 8. h3 Bf5 9. Bd3 (9. g4 $14 Bd7 10. Qb3) 9... Bxd3 $11 {The position is equal.} 10. Qxd3 Nc6 $146 ({Predecessor:} 10... Na6 11. e4 c5 12. d5 e6 13. Bf4 exd5 14. exd5 Nb4 15. Qb1 {½-½ (37) Li,W (2411)-Baklan,V (2609) Reykjavik 2013}) 11. e4 e5 {...exd4 is the strong threat.} 12. d5 Nd4 13. Bg5 h6 14. Bxf6 Nxf3+ 15. Qxf3 Bxf6 16. g3 Rf8 *

[Event "Go-Makkah Chess Festival 2019"]
[Site "Sousse"]
[Date "2019.09.07"]
[Round "7.4"]
[White "Ezat, Mohamed"]
[Black "Bouzidi, Ahmed"]
[Result "1-0"]
[WhiteElo "2458"]
[BlackElo "2197"]
[Annotator "ChessBase"]
[PlyCount "65"]
[EventDate "2019.09.02"]
[EventType "swiss"]
[EventCountry "TUN"]
[SourceTitle "playchess.com"]
[Source "ChessBase"]
[SourceQuality "1"]
[TimeControl "5400+30"]

1. d4 {[%emt 0:00:00]} Nf6 {[%emt 0:11:32]} 2. c4 {[%emt 0:00:00]} g6 {[%emt 0:00:17]} 3. Nc3 {[%emt 0:00:02]} Bg7 {[%emt 0:00:12]} 4. e4 {[%emt 0:00:12]} d6 {[%emt 0:00:06]} 5. Be2 {[%emt 0:00:24]} O-O {[%emt 0:01:11]} 6. Bg5 {[%emt 0:00:18]} Na6 {[%emt 0:15:14]} 7. Qd2 {[%emt 0:02:17]} c5 {[%emt 0:01:10]} 8. d5 {[%emt 0:00:17]} Qa5 {[%emt 0:00:38]} 9. Nf3 {[%emt 0:11:39]} b5 {[%emt 0:08:57]} 10. cxb5 {[%emt 0:15:05]} Nc7 {[%emt 0:00:22]} 11. e5 {[%emt 0:00:02]} Nfxd5 {[%emt 0:11:11]} 12. Nxd5 {[%emt 0:05:50]} Qxd2+ {[%emt 0:00:38]} 13. Nxd2 {[%emt 0:00:08]} Nxd5 {[%emt 0:00:05]} 14. Bf3 {[%emt 0:00:15]} Be6 {[%emt 0:02:43]} 15. exd6 {[%emt 0:08:48]} exd6 {[%emt 0:01:43]} 16. O-O-O {[%emt 0:00:20]} f6 {[%emt 0:18:55]} 17. Rhe1 {[%emt 0:07:34]} Bf7 {[%emt 0:00:08]} 18. Nc4 {[%emt 0:03:05]} Nb6 {[%emt 0:11:40]} 19. Nxb6 {[%emt 0:10:53]} axb6 {[%emt 0:00:06]} 20. Bxa8 {[%emt 0:00:10]} Rxa8 {[%emt 0:00:14]} 21. Bf4 {[%emt 0:04:12]} d5 {[%emt 0:00:46]} 22. Re7 {[%emt 0:00:06]} d4 {[%emt 0:04:37]} 23. Rb7 {[%emt 0:01:18]} Bxa2 {[%emt 0:05:28]} 24. Rxb6 {[%emt 0:01:55]} Bc4 {[%emt 0:00:54]} 25. Kd2 {[%emt 0:01:06]} g5 {[%emt 0:02:16]} 26. Rc1 {[%emt 0:00:36]} Bb3 {[%emt 0:00:38]} 27. Rb8+ {[%emt 0:02:27]} Rxb8 {[%emt 0:00:21]} 28. Bxb8 {[%emt 0:00:01]} c4 {[%emt 0:00:13]} 29. Bd6 {[%emt 0:01:56]} g4 {[%emt 0:00:44]} 30. f4 {[%emt 0:00:43]} gxf3 {[%emt 0:00:29]} 31. gxf3 {[%emt 0:00:02]} f5 {[%emt 0:00:23]} 32. f4 {[%emt 0:00:42]} d3 {[%emt 0:00:29]} 33. b6 {[%emt 0:01:16]} 1-0